Comercio internacional y progreso. Discurso del Ministro de la Presidencia Lic. Rodrigo Arias Sánchez
Сохранить в:
| Главный автор: | |
|---|---|
| Соавтор: | |
| Формат: | Текст |
| Опубликовано: |
San José:
Imprenta Nacional
|
| Метки: |
Добавить метку
Нет меток, Требуется 1-ая метка записи!
|
MARC
| LEADER | 00000 a a2200000 04500 | ||
|---|---|---|---|
| 001 | 25370 | ||
| 003 | |||
| 040 | |a CRAI/IIS |c CRAI/IIS | ||
| 090 | |a 181500 | ||
| 100 | |a Arias Sánchez, Oscar | ||
| 110 | |a Costa Rica. Presidencia de la República | ||
| 245 | |a Comercio internacional y progreso. Discurso del Ministro de la Presidencia Lic. Rodrigo Arias Sánchez | ||
| 260 | |a San José: |b Imprenta Nacional | ||
| 300 | |a 7 p. | ||
| 999 | |c 11743 |d 11743 | ||
